000 00662nam a22002057a 4500
999 _c3566
_d3566
003 AR-CdUCM
008 190306b ||||| |||| 00| 0 spa d
040 _aMUNICIPALIDAD PROVINCIAL DEL CUSCO
_cBIBLIOTECA MUNICIPAL DEL CUSCO
082 _a869.56 /
_bG54
100 _aGiulianatti, Giancarlo
_911678
245 _aPoemas Escogidas /
260 _aLima :
_c1979.
300 _a96 paginas ;
_c20 cm.
505 _aContenido : Vida -- A todos los niños del mundo -- Hoy como ayer -- otoño ...
650 _aPoesías seleccionadas
_911679
650 _aPoesía latinoamericana
_92147
700 _aGálvez, Lola
_911680
942 _2ddc
_cLIBROS
945 _arah